000 00750nam a22002292 4500
001 0000000212
005 20151021151041.0
008 070117s xx 000 0 eng d
020 _a8129701723 :
_cKES 1,508
040 _aKABU
_cKABU
100 1 _aChopra, Sunil.
_@0000148298
245 1 0 _aSupply chain management :
_bstrategy, planning and operation /
_cSunil Chopra, Peter Meindi.
250 _a2nd ed.
260 _aDelhi :
_bPearson Educ.,
_c2004.
300 _axvii, 567 p.
650 0 _aDelivery of goods
_xManagement.
_@0000148299
650 0 _aMarketing channels
_xManagement.
_@0000148300
700 1 _aMeindi, Peter.
_@0000148301
908 _a070117
950 _@1
999 _c78
_d78